000 00983nam a2200253Ia 4500
003 OSt
005 20220918110743.0
006 a|||||r|||| 00| 0
007 ta
008 220915b |||||||| |||| 00| 0 hin d
020 _a9788171103867 (hbk)
_c1850
024 _a268949
037 _b236, 10/10/2011, Eastern Book Linkers
_cReference Collections
040 _aARTS
_cARTS
_bhin
041 _2hin
_ahin
082 _aNA44x3,1, 152Q1.1-.2(RR)
100 _aश्रीकृष्ण ‘जुगनू’, संपा.
245 0 _aअपराजितपृच्छा
246 _aAparājitapṛuchchhā
260 _aदिल्ली
_bपरिमल पब्लिकेशन्स भारत
_c2011
490 _vभाग 1
942 _hNA44x3,1, 152Q1.1-.2(RR)
_cREF
999 _c114501
_d114501